Seňor Vivo a drogový baron /

Hlavní autor: De Bernières, Louis, 1954-
Další autoři: Janiš, Viktor, 1974-
Jazyk: Čeština
Vydáno: Praha : BB art, 2004
Vydání: 1. brož. vyd. v českém jazyce
Témata:
Fyzický popis: 287 s. ; 18 cm
Knihy
Uloženo v:
LEADER 01208nam a2200349 a 4500
001 000758407
003 CZ BrMZK
005 20050131081834.0
007 ta
008 050106s2004 xr er 000 f czeoc
015 |a cnb001325526 
020 |a 80-7341-255-1  |q (váz.) 
035 |a (OCoLC)85110703 
040 |a ABA001  |b cze  |d BOA001 
041 1 |a cze  |h eng 
072 7 |a 821.111-3  |x Anglická próza, anglicky psaná  |2 Konspekt  |9 25 
080 |a 821.111-31  |2 MRF 
080 |a (0:82-31)  |2 MRF 
100 1 |a De Bernières, Louis,  |d 1954-  |7 jn20000807022  |4 aut 
245 1 0 |a Seňor Vivo a drogový baron /  |c Louis de Bernières ; přeložil a slovníčkem opatřil Viktor Janiš 
250 |a 1. brož. vyd. v českém jazyce 
260 |a Praha :  |b BB art,  |c 2004 
300 |a 287 s. ;  |c 18 cm 
500 |a Přeloženo z angličtiny 
500 |a Terminologický slovník 
655 7 |a anglické romány  |7 fd131814  |2 czenas 
700 1 |a Janiš, Viktor,  |d 1974-  |7 jn20010309502  |4 trl 
765 0 |t Seňor Vivo and the coca lord  |9 Česky 
910 |a BOA001  |b 1-1144.811 
990 |a BK 
991 |b 200501 
996 6 |b 2610237521  |c 1-1144.811  |l MZK  |r Sklad / do 1 hodiny  |n 0  |p p.v.  |w 000758407  |u 000010  |a 1  |e BOA001  |j MZK50  |s P